Campesinado y agroindustria (estudio de caso) /
Na minha lista:
| Autor principal: | |
|---|---|
| Formato: | Tese |
| Publicado em: |
Costa Rica :
|
| Tags: |
Adicionar Tag
Sem tags, seja o primeiro a adicionar uma tag!
|
MARC
| LEADER | 00000 a a2200000 04500 | ||
|---|---|---|---|
| 001 | 15202 | ||
| 003 | |||
| 040 | |a CRAI/IIS |c CRAI/IIS | ||
| 090 | |a 07.01.02 Q6c | ||
| 100 | |a Quirós Martin, Teresa | ||
| 245 | |a Campesinado y agroindustria (estudio de caso) / |c Teresa Quirós Martin | ||
| 260 | |a Costa Rica : | ||
| 300 | |a 8; 268 páginas | ||
| 502 | |a Tesis (Msc Sociología) -- Universidad de Costa Rica, 1981 | ||
| 999 | |c 18163 |d 18163 | ||
